| 000 | 00716cab a22001935a 4500 | ||
|---|---|---|---|
| 001 | L144741 | ||
| 008 | 080807s2008 xxkdo f s 000 0 eng d | ||
| 035 | _a(Sirsi) u144741 | ||
| 041 | 0 | _aeng | |
| 100 | 1 | _aArminas, David | |
| 245 | 0 | 0 | _aWelcome to the mega dome |
| 260 | _c2008 | ||
| 490 |
_aBuilding Service Journal _v30(7) July 2008, 26-30(5) |
||
| 520 | _aLooks at the development of Belfast's Victoria Square shopping centre - a modern design that uses various energy saving features to support the mixed-used businesses that tenant the building. | ||
| 590 | _aKA | ||
| 651 | 4 |
_aEngland and Wales _y1543- |
|
| 690 | _aPROPERTY-COMMERCIAL PROPERTY-RETAIL PROPERTY-TOWN CENTRE RETAIL PROPERTY | ||
| 942 | _n0 | ||
| 999 |
_c80563 _d80563 |
||